MARC details
| 000 -LEADER |
| fixed length control field |
01320 a2200373 4500 |
| 001 - CONTROL NUMBER |
| control field |
200001217 |
| 003 - CONTROL NUMBER IDENTIFIER |
| control field |
TR-AnTOB |
| 005 - DATE AND TIME OF LATEST TRANSACTION |
| control field |
20230809001253.0 |
| 008 - FIXED-LENGTH DATA ELEMENTS--GENERAL INFORMATION |
| fixed length control field |
120117e2009 tu 000 0 |
| 020 ## - INTERNATIONAL STANDARD BOOK NUMBER |
| International Standard Book Number |
9789944265898 (v.5) |
|
| International Standard Book Number |
9789944265881 (v.4) |
|
| International Standard Book Number |
9789944265874 (v.3) |
|
| International Standard Book Number |
9789944265867 (v.2) |
|
| International Standard Book Number |
9789944265850 (v.1) |
| 040 ## - CATALOGING SOURCE |
| Original cataloging agency |
TR-AnTOB |
| Transcribing agency |
TR-AnTOB |
| 041 ## - LANGUAGE CODE |
| Language code of text/sound track or separate title |
Türkçe |
| 050 ## - LIBRARY OF CONGRESS CALL NUMBER |
| Classification number |
KKX3794.32005 |
| Item number |
.A6 A788 2009 |
| 090 ## - LOCALLY ASSIGNED LC-TYPE CALL NUMBER (OCLC); LOCAL CALL NUMBER (RLIN) |
| Classification number (OCLC) (R) ; Classification number, CALL (RLIN) (NR) |
KKX3794.32005.A6 A788 2009 |
| 100 ## - MAIN ENTRY--PERSONAL NAME |
| Personal name |
Artuk, Mehmet Emin |
| 9 (RLIN) |
69441 |
| 245 10 - TITLE STATEMENT |
| Title |
Türk ceza kanunu şerhi / |
| Statement of responsibility, etc. |
Mehmet Emin Artuk, Ahmet Gökcen, Ahmet Caner Yenidünya. |
| 264 #1 - PRODUCTION, PUBLICATION, DISTRIBUTION, MANUFACTURE, AND COPYRIGHT NOTICE |
| Place of production, publication, distribution, manufacture |
Ankara : |
| Name of producer, publisher, distributor, manufacturer |
Turhan Kitabevi, |
| Date of production, publication, distribution, manufacture, or copyright notice |
2009. |
| 300 ## - PHYSICAL DESCRIPTION |
| Extent |
5 v. ; |
| Dimensions |
28 cm. |
| 336 ## - CONTENT TYPE |
| Source |
rdacontent |
| Content type term |
text |
| Content type code |
txt |
| 337 ## - MEDIA TYPE |
| Source |
rdamedia |
| Media type term |
unmediated |
| Media type code |
n |
| 338 ## - CARRIER TYPE |
| Source |
rdacarrier |
| Carrier type term |
volume |
| Carrier type code |
nc |
| 500 ## - GENERAL NOTE |
| General note |
Dipnot var. |
| 520 ## - SUMMARY, ETC. |
| Summary, etc. |
v.1 Genel hükümler Madde 1-36 --v.2 Genel hükümler Madde 37-75 -- v.3 Özel hükümler Madde 76-131 -- v.4 Özel hükümler Madde 132-234 --v.5 Özel hükümler Madde 235-345. |
| 650 00 - SUBJECT ADDED ENTRY--TOPICAL TERM |
| Topical term or geographic name entry element |
Criminal law |
| Geographic subdivision |
Turkey |
| General subdivision |
Turkey |
| 9 (RLIN) |
39535 |
| 650 #7 - SUBJECT ADDED ENTRY--TOPICAL TERM |
| Topical term or geographic name entry element |
Ceza hukuku |
| Geographic subdivision |
Türkiye |
| General subdivision |
Türkiye |
| Source of heading or term |
etuturkob |
| 9 (RLIN) |
48989 |
| 700 1# - ADDED ENTRY--PERSONAL NAME |
| Personal name |
Yenidünya, Ahmet Caner, |
| Dates associated with a name |
1973- |
| 9 (RLIN) |
69464 |
|
| Personal name |
Gökçen, Ahmet, |
| Dates associated with a name |
1960- |
| 9 (RLIN) |
69442 |
| 942 ## - ADDED ENTRY ELEMENTS (KOHA) |
| Koha item type |
Book |
| Source of classification or shelving scheme |
Library of Congress Classification |